Crossword Puzzle: 'Altered States' Quiz Stats

Quiz not verified by Sporcle

Challenge
Share
Tweet
Score 0/181 Timer 20:00
0 Plays Today
% Correct
I 
88.7%
E 
87.8%
T 
87.2%
L 
87.2%
E 
87.1%
S 
87.1%
S 
87%
W 
86.9%
P 
86.8%
T 
86.4%
R 
86.2%
E 
85.6%
M 
85.5%
U 
85.3%
E 
85.3%
O 
85%
D 
84.8%
V 
84.6%
A 
84.5%
W 
84.2%
E 
84.1%
D 
83.8%
I 
83.8%
G 
83.7%
T 
83.5%
A 
83.3%
I 
83.2%
S 
83.1%
A 
83.1%
D 
83.1%
D 
82.9%
M 
82.8%
B 
81.9%
R 
81.7%
L 
81.7%
G 
81.6%
A 
81.5%
M 
81.3%
S 
80.6%
L 
80.6%
D 
80.5%
U 
80.3%
N 
79.4%
A 
79.4%
E 
79.4%
F 
79.1%
F 
78.9%
E 
78.9%
H 
78.8%
O 
78.7%
E 
78.6%
T 
78.1%
P 
77.9%
T 
77.9%
L 
77.9%
A 
77.9%
T 
77.5%
B 
77.3%
I 
77.3%
T 
76.5%
E 
76.2%
% Correct
D 
76.1%
U 
76%
A 
75.9%
E 
75.7%
T 
75.4%
B 
75.3%
R 
75.2%
D 
75%
C 
74.8%
W 
74.8%
A 
74.5%
O 
74.3%
T 
74.2%
E 
74.2%
W 
74%
C 
73.7%
O 
73.7%
R 
73.7%
A 
73.6%
A 
73.3%
E 
73.2%
O 
73.1%
S 
73.1%
L 
72.8%
P 
72.7%
E 
72.5%
T 
72.5%
E 
72.1%
H₂O
71.6%
L 
71.6%
T 
71.5%
H₂O
71.4%
E 
71.4%
P 
71.2%
N 
70.8%
I 
70.8%
A 
70.6%
E 
70.1%
T 
70.1%
E 
70%
H 
69.9%
C 
69.9%
G 
69.7%
A 
69.7%
D 
69.6%
E 
68.9%
A 
68.9%
O 
68.9%
I 
68.7%
Y 
68.2%
O 
68.1%
A 
68.1%
L 
68.1%
M 
68%
T 
67.9%
O 
67.9%
O 
67.7%
D 
67.7%
O 
67.7%
P 
67.6%
A 
67.3%
% Correct
E 
67.1%
S 
67.1%
L 
66.9%
Y 
66.9%
H₂O
66.8%
R 
66.8%
P 
66.7%
D 
66.7%
U 
66.6%
T 
66.5%
S 
66.4%
A 
65.8%
L 
65.7%
L 
65.5%
N 
65.4%
P 
65.2%
P 
65.2%
F 
65.2%
R 
65.2%
R 
65.1%
L 
65%
E 
64.8%
A 
64.7%
H 
64.6%
R 
64.2%
T 
64.2%
H₂O
64.1%
O 
64.1%
B 
63.7%
O 
63.7%
N 
63.6%
N 
63.6%
O 
63.2%
Y 
63%
K 
63%
C 
62.4%
A 
62%
S 
61.9%
E 
61.8%
E 
61.6%
B 
61.4%
Y 
61.3%
N 
60.6%
L 
60.3%
O 
60.1%
O 
59.9%
O 
59.7%
E 
59.6%
I 
59.6%
T 
59.3%
E 
58.3%
T 
57%
A 
55.3%
B 
54.8%
A 
54.5%
D 
53.2%
N 
52.9%
X 
52.5%
B 
49%

You're not logged in!

Compare scores with friends on all Sporcle quizzes.
Sign Up with Email
OR
Log In

You Might Also Like...

Show Comments

Extras

Curator's Pick Aug 16, 2016ReportNominate
Tags:Chemistry Quiz, Puzzle Quiz, crossword, down, matter, water

Top Quizzes Today


Score Distribution

Your Account Isn't Verified!

In order to create a playlist on Sporcle, you need to verify the email address you used during registration. Go to your Sporcle Settings to finish the process.

Report this User

Report this user for behavior that violates our Community Guidelines.

Details: